000 00873caa a22002417a 4500
999 _c412384
_d412384
001 125410
003 UA-OsUOA
005 20200114121516.0
007 ta
008 20170915b un ||||| |||| 00| 0 ukr d
040 _aUA-OsUOA
_bukr
_cUA-OsUOA
_dUA-OsUOA
041 _aukr
080 _a908
090 _a908
_bВ75
100 _aВоронов В.
245 _aПроблеми історіографії джерелознавства в наукових працях М. П. Ковальського
_cВ. Воронов
300 _aС. 20–28
650 7 _a908 Краєзнавство
_2UDC
773 0 _0391993
_9413648
_dОстрог НаУОА 2011
_o145361
_tНаукові записки. Історичні науки
_w(UA-OsUOA) 105743
942 _cBKA
_2udc
955 _a1